00532nam a2200193 a 4500001001300000003000900013005001700022008004100039020001000080082001700090100001900107245004500126260004100171300000900212500003500221505003400256650002900290700001900319nice12345678IN_TiNIC20260116013124.0050524s1995 newa grp 000 0 eng  ac35000a351.818bDES aDesai, Vandana aCommunity Participation and Slum Housing aNew Delhi bSage Publications c1995 a347p aincludes index and biblioraphy2 aAppendix, Bibliography, Index aUrban Development-Bombay1 aDesai, Vandana